02169nam a22003857i 4500003000900000005001700009007000300026008004100029020001800070040003100088041000800119082003100127100005500158245023600213264009000449300006800539336003600607337003300643338002900676500005900705500007300764504003200837505028900869590002801158651007201186651007801258651008401336700006201420700004801482700004401530910001301574942001801587952016101605999001701766DO-SdBNP20260517235524.0ta240513b2009 dr abc|| |||| 00| 0 eng d a9789945445060 aDO-SdBNPbspacBNPHU erda aspa04a352.27294097293bA469e2231 aAltuna Tezanos, Carlos Rafaeld1960-eautor98544610aLa española : bdestino de dos culturas (inmigración haitiana y seguridad nacional) / cCarlos Rafael Altuna Tezanos ; prólogo Pelegrín H. Castillo Semán ; edición Sócrates Suazo Ruíz ; corrección José Galván. 4aSanto Domingo, República Dominicana :bEdita Libros, Editores Impresores, c©2009 axviii, 251 páginas :bilustraciones, mapas, retratos ;c22 cm asin mediaciónbn2rdacontent  asin mediaciónbn2rdamedia avolumenbnc2rdacarrier  aIncluye datos biográficos de la autor en las solapas aIncluye referencias bibliográficas y notas al pie de las páginas aBibliografía : p. 249-2510 aPrólogo -- Introducción -- La Española: génesis de dos naciones -- Seguridad transnacional y supervivencia del estado -- Frontera: desafío al sistema de vigilancia de Haití -- Efectos de la inmigración haitiana en la República Dominicana -- Reflexiones -- Apéndice . aInventariado, 2024 /LP  4aIsla Española (Haití y República Dominicana)xHistoria938883 72LembaHaitíxEmigración e inmigraciónzRepública Dominicana95922 4aIsla Española (Haití y República Dominicana)xCondiciones sociales9854481 aCastillo Semán, Pelegrín H.eprologuista 4pr.9854401 aSuazo Ruíz, Sócrates,eedición9102391 aGalván, José,e corrección922673 alpérez 2ddccLBS1e23 00102ddc708PDaBNPHUbBNPHUcHDd2024-05-13eDonado por Emilio Cordero Michell0oBNPHU PD 325.27294097293 A469ep2024-2908r2024-05-13w2024-05-13yLBS1 c56642d56642